Sports Quiz

Random Sports or NHL Quiz
Score 0/101 Timer 20:00
0 Plays Today
Hint Answer % Correct
4Bobby Orr
75%
33Patrick Roy
75%
11Mark Messier
66.7%
66Mario Lemieux
66.7%
87Sidney Crosby
66.7%
88Eric Lindros
66.7%
99Wayne Gretzky
66.7%
9Gordie Howe
58.3%
10 Guy Lafleur
58.3%
22Mike Bossy
58.3%
30Martin Brodeur
58.3%
74Paul Coffey
58.3%
77Ray Bourque
58.3%
1Terry Sawchuk
50%
8 Cam Neely
50%
13Mats Sundin
50%
16Henri Richard
50%
17Jari Kurri
50%
31Grant Fuhr
50%
35Tony Esposito
50%
44Chris Pronger
50%
68Jaromir Jagr
50%
96Tomas Holmstrom
50%
3Scott Stevens
41.7%
19Steve Yzerman
41.7%
21Stan Mikita
41.7%
39Dominik Hasek
41.7%
89Alex Mogilny
41.7%
91Sergei Fedorov
41.7%
97Jeremy Roenick
41.7%
5Denis Potvin
33.3%
20Luc Robitaille
33.3%
23Bob Gainey
33.3%
38Dave Andreychuk
33.3%
Hint Answer % Correct
58Bill Berg
33.3%
71Evgeni Malkin
33.3%
81Miroslav Satan
33.3%
93Doug Gilmour
33.3%
90Joe Juneau
25%
2Doug Harvey
25%
7Howie Morenz
25%
18Denis Savard
25%
24Chris Chelios
25%
34John Vanbiesbrouck
25%
36Glenn Anderson
25%
40Henrik Zetterberg
25%
55Larry Murphy
25%
61Rick Nash
25%
75Hall Gill
25%
92Rick Tocchet
16.7%
00John Davidson
16.7%
ONeil Sheehy
16.7%
12Dickie Moore
16.7%
14Dave Keon
16.7%
26Peter Stastny
16.7%
27Frank Mahovlich
16.7%
29Ken Dryden
16.7%
32Dale Hunter
16.7%
45Brenden Morrow
16.7%
46Martin St.Louis
16.7%
49Brian Savage
16.7%
56 Sergei Zubov
16.7%
79Alexei Yashin
16.7%
84Guillaume Latendresse
16.7%
85Petr Klima
16.7%
6Ace Bailey
8.3%
15Milt Schmidt
8.3%
25Jacques Lemaire
8.3%
Hint Answer % Correct
43Martin Biron
8.3%
48Daniel Briere
8.3%
52Adam Foote
8.3%
53Nikolai Khabibulin
8.3%
57Steve Heinze
8.3%
60Jose Theodore
8.3%
63Mike Ribeiro
8.3%
69Mel Angelstad
8.3%
78Pavol Demitra
8.3%
82Martin Straka
8.3%
83Ales Hemsky
8.3%
95Danny Markov
8.3%
98Brian Lawton
8.3%
41Stu Barnes
0%
28Steve Larmer
0%
42Sergei Makarov
0%
37Olie Kolzig
0%
47Viktor Kozlov
0%
50Trevor Letowski
0%
51Brian Campbell
0%
54Hannu Toivonen
0%
59Tom Fitzgerald
0%
62Olli Jokinen
0%
64Darrin Shannon
0%
65Mark Napier
0%
67Robert Svehla
0%
70Oleg Tverdovsky
0%
72Mathieu Schneider
0%
73Michael Ryder
0%
76Dustin Penner
0%
80Nik Antropov
0%
86Jonathan Ferland
0%
94Ryan Smyth
0%
Remove Ads.
Support Sporcle.
Get the best of Sporcle when you Go Orange. This ad-free experience offers more features, more stats, and more fun while also helping to support Sporcle. Thank you for becoming a member.

You're not logged in!

Compare scores with friends on all Sporcle quizzes.
OR
Log In

Show Comments

Extras

Created Oct 22, 2013ReportNominate
Tags:NHL Quiz, Numbers Quiz

Top Quizzes Today


Score Distribution

Your Account Isn't Verified!

In order to create a playlist on Sporcle, you need to verify the email address you used during registration. Go to your Sporcle Settings to finish the process.

Report this User

Report this user for behavior that violates our Community Guidelines.

Details: